| 000 | 00581pam a2200229 a 4500 | ||
|---|---|---|---|
| 001 | 2367461 | ||
| 005 | 20180103042629.0 | ||
| 008 | 840113s1985 couab b 000 0 eng | ||
| 010 | _a 84002281 | ||
| 020 | _a0865317232 (pbk.) | ||
| 040 |
_aDLC _cDLC _dDLC |
||
| 041 | _aeng | ||
| 043 | _an-us--- | ||
| 080 | _a363.7 | ||
| 082 | 0 | 0 |
_a363.7 BAL _219 |
| 100 | 1 | _a9 | |
| 101 | _aMJE | ||
| 245 | 1 | 0 |
_aEnvironmental planning and management / _cJohn H. Baldwin. |
| 504 | _aBibliography: p. 305-317. | ||
| 906 |
_a7 _bcbc _corignew _d1 _eocip _f19 _gy-gencatlg |
||
| 942 |
_2ddc _cBK |
||
| 999 |
_c39614 _d39614 |
||